Foreign policy and democratic politics : (Record no. 42030)
[ view plain ]
| 000 -LEADER | |
|---|---|
| fixed length control field | 01226nam a2200301 a 4500 |
| 001 - CONTROL NUMBER | |
| control field | 42030 |
| 003 - CONTROL NUMBER IDENTIFIER | |
| rucl marc code | BD-RjUL |
| 005 - DATE AND TIME OF LATEST TRANSACTION | |
| control field | 20211209053502.0 |
| 008 - FIXED-LENGTH DATA ELEMENTS--GENERAL INFORMATION | |
| fixed length control field | 160608s1968 enk 001 0 eng d |
| 035 ## - SYSTEM CONTROL NUMBER | |
| System control number | (BD-RjUL)42148 |
| System control number | 2974910 |
| 040 ## - CATALOGING SOURCE | |
| Original cataloging agency | ANL |
| Language of cataloging | eng |
| Transcribing agency | ANL |
| Modifying agency | ABN-SNR |
| -- | BD-RjUL |
| 041 ## - LANGUAGE CODE | |
| Language code of text/sound track or separate title | eng |
| 082 04 - DEWEY DECIMAL CLASSIFICATION NUMBER | |
| Classification number | 327 |
| Author mark and year | WAF 1968 |
| 100 1# - MAIN ENTRY--PERSONAL NAME | |
| Personal name | Waltz, Kenneth N. |
| Fuller form of name | (Kenneth Neal), |
| Dates associated with a name | 1924- |
| 9 (RLIN) | 129217 |
| 245 10 - TITLE STATEMENT | |
| Title | Foreign policy and democratic politics : |
| Remainder of title | the American and British experience / |
| Statement of responsibility, etc. | Kenneth N. Waltz. |
| 250 ## - EDITION STATEMENT | |
| Edition statement | 1st ed. |
| 260 ## - PUBLICATION, DISTRIBUTION, ETC. (IMPRINT) | |
| Place of publication, distribution, etc. | London : |
| Name of publisher, distributor, etc. | Longmans, |
| Date of publication, distribution, etc. | 1968 |
| 300 ## - PHYSICAL DESCRIPTION | |
| Pagination | xii, 331 p. : |
| Illustrations | ill. ; |
| Size | 23 cm. |
| 500 ## - GENERAL NOTE | |
| General note | "Jointly sponsored by the Institute of War and Peace Studies, School of International Affairs. Columbia University ... and the Center for International Affairs, Harvard University.". |
| 504 ## - BIBLIOGRAPHY, ETC. NOTE | |
| Bibliography, etc | Includes Bibliographical footnotes and index |
| 651 #0 - SUBJECT ADDED ENTRY--GEOGRAPHIC NAME | |
| Geographic name | United States |
| General subdivision | Foreign relations |
| Chronological subdivision | 1945-1989. |
| 9 (RLIN) | 129218 |
| Geographic name | Great Britain |
| General subdivision | Foreign relations |
| Chronological subdivision | 1945- |
| 9 (RLIN) | 129122 |
| 710 2# - ADDED ENTRY--CORPORATE NAME | |
| Corporate name or jurisdiction name as entry element | Harvard University. |
| Subordinate unit | Center for International Affairs. |
| 9 (RLIN) | 128960 |
| Corporate name or jurisdiction name as entry element | Columbia University. |
| Subordinate unit | Institute of War and Peace Studies. |
| 9 (RLIN) | 129219 |
| 942 ## - ADDED ENTRY ELEMENTS (KOHA) | |
| Source of classification or shelving scheme | Dewey Decimal Classification |
| Koha item type | Books |
| Lost status | Source of classification or shelving scheme | Damaged status | Not for loan | Collection code | Permanent Location | Current Location | Shelving location | Date acquired | Source of acquisition | Cost, normal purchase price | Total Checkouts | Full call number | Date last seen | Copy number | Koha item type |
|---|---|---|---|---|---|---|---|---|---|---|---|---|---|---|---|
| Dewey Decimal Classification | Non-fiction | Central Library, University of Rajshahi | Central Library, University of Rajshahi | 13/11/1969 | Zeitlinger | 0.40 | 327 WAF 1968 | 08/06/2016 | C-2 | Books | |||||
| Dewey Decimal Classification | Non-fiction | Central Library, University of Rajshahi | Central Library, University of Rajshahi | 21/11/1969 | Zeitlinger | 0.40 | 327 WAF 1968 | 08/06/2016 | C-3 | Books | |||||
| Dewey Decimal Classification | Non-fiction | Central Library, University of Rajshahi | Central Library, University of Rajshahi | 24/06/1970 | Zeitlinger | 0.40 | 327 WAF 1968 | 08/06/2016 | C-4 | Books | |||||
| Dewey Decimal Classification | Non-fiction | Central Library, University of Rajshahi | Central Library, University of Rajshahi | 24/06/1970 | Zeitlinger | 0.40 | 327 WAF 1968 | 08/06/2016 | C-5 | Books | |||||
| Dewey Decimal Classification | Non-fiction | Central Library, University of Rajshahi | Central Library, University of Rajshahi | 02/08/1972 | Book centre | 44.00 | 327 WAF 1968 | 08/06/2016 | C-6 | Books |